[Event "Saint Affrique-Vitrolles"]
[Site "Montpellier"]
[Date "2008.03.15"]
[Round "8.4"]
[White "Diaz, Franck"]
[Black "Leygue, Dominique"]
[Result "0-1"]
[WhiteElo "2184"]
[BlackElo "2308"]
[PlyCount "128"]
[EventDate "2008.03.15"]
[WhiteTeam "Vitrolles"]
[BlackTeam "Saint Affrique"]

1. e4 e5 2. f4 Bc5 3. Nc3 d6 4. Nf3 Nc6 5. Bc4 Bg4 6. h3 Bxf3 7. Qxf3 Nd4 8.
Qg3 g6 9. fxe5 Nxc2+ 10. Kd1 Nxa1 11. Rf1 f6 12. exf6 Nxf6 13. e5 d5 14. exf6
O-O 15. Nxd5 Kh8 16. Qc3 Rf7 17. b4 c6 18. bxc5 cxd5 19. Bd3 d4 20. Qxa1 Qd5
21. Bb2 Rd8 22. Rf4 Qxg2 23. Rxd4 Rc8 24. Bc4 Qf3+ 25. Kc2 Qf5+ 26. Kb3 Qxc5
27. Bxf7 Qc2+ 28. Ka3 Qc5+ 29. Kb3 Qc2+ 30. Ka3 Qc5+ 31. Rb4 a5 32. Bc3 axb4+
33. Bxb4 Qc2 34. Bc3 Ra8+ 35. Kb4 Qa4+ 36. Kc5 Rc8+ 37. Kd6 Qc6+ 38. Ke5 Qc7+
39. Ke6 Qc4+ 40. Ke5 Qxf7 41. Qb2 h5 42. Kf4 Qd5 43. Be5 Kh7 44. d4 Kh6 45. Qa3
g5+ 46. Kf5 Re8 47. Qb3 Qd7+ 48. Ke4 Kg6 49. Qb6 Qf5+ 50. Kd5 Qf3+ 51. Kd6 Qxh3
52. Qb1+ Kh6 53. Qxb7 Qe6+ 54. Kc5 Rc8+ 55. Kb5 Qc4+ 56. Kb6 Qb4+ 57. Ka6 Qa3+
58. Kb5 Qb2+ 59. Ka6 Qxa2+ 60. Kb6 Qe6+ 61. Kb5 Rg8 62. Qe4 Rb8+ 63. Kc5 Qb6+
64. Kc4 Rc8+ 0-1

[Event "Saint Affrique-Vitrolles"]
[Site "Montpellier"]
[Date "2008.03.15"]
[Round "8.5"]
[White "Laclau, Daniel"]
[Black "Diaz, Mickael"]
[Result "0-1"]
[WhiteElo "2270"]
[BlackElo "2238"]
[PlyCount "52"]
[EventDate "2008.03.15"]
[WhiteTeam "Saint Affrique"]
[BlackTeam "Vitrolles"]

1. d4 Nc6 2. c4 e5 3. d5 Nce7 4. Nf3 Ng6 5. a3 e4 6. Nd4 c5 7. Nb5 d6 8. N5c3
f5 9. Qc2 Nf6 10. h4 Be7 11. h5 Ne5 12. Bf4 Nfg4 13. f3 exf3 14. exf3 Bh4+ 15.
Ke2 Nf2 16. Rh2 Qe7 17. Rxh4 Qxh4 18. Be3 Nfd3 19. Nd2 Bd7 20. b4 b6 21. Nb5
Bxb5 22. cxb5 O-O 23. bxc5 bxc5 24. Nb3 f4 25. Bg1 Qh1 26. Bf2 Rae8 0-1

[Event "Saint Affrique-Vitrolles"]
[Site "Montpellier"]
[Date "2008.03.15"]
[Round "8.6"]
[White "Peray, Sebastien"]
[Black "Bosc, Sebastien"]
[Result "1-0"]
[WhiteElo "2167"]
[BlackElo "2027"]
[PlyCount "107"]
[EventDate "2008.03.15"]
[WhiteTeam "Vitrolles"]
[BlackTeam "Saint Affrique"]

1. e4 e6 2. d4 d5 3. Nc3 Nf6 4. Bg5 dxe4 5. Nxe4 Be7 6. Bxf6 Bxf6 7. Nf3 O-O 8.
Bc4 b6 9. Qe2 Bb7 10. O-O-O Nd7 11. Ne5 Bxe5 12. dxe5 Qe7 13. f4 Rfd8 14. Ng3
Nc5 15. Nh5 Rxd1+ 16. Rxd1 Rd8 17. Rxd8+ Qxd8 18. Qg4 g6 19. Nf6+ Kg7 20. Qh4
Qh8 21. Ng4 Nd7 22. Bxe6 h5 23. Bxd7 hxg4 24. Qf6+ Kg8 25. Qd8+ Kg7 26. Qf6+
Kg8 27. Qd8+ Kg7 28. Qxh8+ Kxh8 29. g3 Bf3 30. Kd2 Kg7 31. Bb5 Bd5 32. Bd7 Bf3
33. e6 fxe6 34. Bxe6 Kf6 35. Bc8 g5 36. Ke3 Bd1 37. c3 Kg6 38. Kd2 Bf3 39. Ke3
Bd1 40. Ke4 Kf6 41. Bd7 Ke7 42. Bb5 Kf6 43. Ke3 Bc2 44. Bd7 Bd1 45. fxg5+ Kxg5
46. Ke4 a5 47. Ke5 Be2 48. Bc6 Bf3 49. h4+ Kg6 50. Be8+ Kg7 51. Bd7 Kg6 52. Be6
b5 53. b4 axb4 54. cxb4 1-0

[Event "Saint Affrique-Vitrolles"]
[Site "Montpellier"]
[Date "2008.03.15"]
[Round "8.7"]
[White "Pous, Vincent"]
[Black "Cherki, Thomas"]
[Result "1-0"]
[WhiteElo "2063"]
[BlackElo "2227"]
[PlyCount "59"]
[EventDate "2008.03.15"]
[WhiteTeam "Saint Affrique"]
[BlackTeam "Vitrolles"]

1. e4 Nf6 2. e5 Nd5 3. c4 Nb6 4. d4 d6 5. exd6 exd6 6. Nc3 Be7 7. Bd3 Nc6 8.
Nge2 Bg4 9. f3 Bh4+ 10. Ng3 Bh5 11. Qe2+ Qe7 12. Qxe7+ Kxe7 13. Be3 Bg6 14. Be2
Rad8 15. O-O-O Rhe8 16. c5 Nc8 17. Bb5 Kf8 18. Bf4 Bxg3 19. Bxg3 N8e7 20. d5
Ne5 21. Bxe8 Rxe8 22. Bxe5 dxe5 23. Rhe1 Nf5 24. Nb5 c6 25. Nc7 Rd8 26. d6 b6
27. b4 a5 28. Rxe5 axb4 29. cxb6 Nxd6 30. Rxd6 1-0

[Event "Saint Affrique-Vitrolles"]
[Site "Montpellier"]
[Date "2008.03.15"]
[Round "8.8"]
[White "Estevez, Dorothee"]
[Black "Vignette, Jeanne"]
[Result "1-0"]
[WhiteElo "1850"]
[BlackElo "1540"]
[PlyCount "139"]
[EventDate "2008.03.15"]
[WhiteTeam "Vitrolles"]
[BlackTeam "Saint Affrique"]

1. d4 d5 2. c4 e6 3. Nc3 Be7 4. Nf3 Nf6 5. Qc2 g6 6. Bh6 e5 7. Nxe5 Bf5 8. Qb3
dxc4 9. Qxc4 Be6 10. Qb5+ Nbd7 11. Rd1 Rb8 12. e3 a6 13. Qa4 c6 14. Be2 Nb6 15.
Qc2 Nfd5 16. O-O Bg5 17. Bxg5 Qxg5 18. Ne4 Qe7 19. Qc5 Qxc5 20. Nxc5 O-O 21.
Nxe6 fxe6 22. b3 Nc3 23. Rd2 Rbd8 24. Bg4 Rf6 25. Bf3 Kg7 26. Rc1 Nbd5 27. e4
Nxa2 28. Rxa2 Nb4 29. Rd2 b6 30. Nc4 c5 31. dxc5 Rxd2 32. Nxd2 Nd3 33. Ra1 Nxc5
34. b4 Nd3 35. Rxa6 e5 36. Ra7+ Kg8 37. b5 Rd6 38. Nc4 Rd8 39. Nxb6 Rb8 40. Ra8
Rxa8 41. Nxa8 Nc5 42. b6 Kf7 43. Nc7 Ke7 44. Be2 Kd6 45. f3 Kc6 46. Nd5 Kb7 47.
Bb5 Ne6 48. g3 Nd4 49. Bd7 Nxf3+ 50. Kf2 Nd2 51. Ke3 Nc4+ 52. Kd3 Nxb6 53. Nxb6
Kxb6 54. Kc4 Kc7 55. Ba4 Kd6 56. g4 h6 57. Be8 g5 58. Ba4 Ke6 59. Kc5 Ke7 60.
Kd5 Kf6 61. Bb5 Kg6 62. Kxe5 h5 63. Be8+ Kg7 64. Bxh5 Kh6 65. Kf6 Kh7 66. e5
Kg8 67. e6 Kh8 68. e7 Kh7 69. e8=Q Kh6 70. Qg6# 1-0

[Event "Tournefeuille-Montpellier Diagonale"]
[Site "Montpellier"]
[Date "2008.03.15"]
[Round "8.1"]
[White "Sanchez, Nicolas"]
[Black "Rodriguez, Amador"]
[Result "0-1"]
[WhiteElo "2216"]
[BlackElo "2481"]
[PlyCount "60"]
[EventDate "2008.03.15"]
[WhiteTeam "Tournefeuille"]
[BlackTeam "La Diagonale du Sud Montpellier"]

1. d4 Nf6 2. c4 e6 3. Nf3 b6 4. g3 Bb4+ 5. Nbd2 Bb7 6. Bg2 O-O 7. O-O Be7 8.
Qc2 d5 9. Ne5 c5 10. cxd5 exd5 11. dxc5 bxc5 12. Nb3 Re8 13. Bf4 Na6 14. Rfd1
Qb6 15. Bg5 Rad8 16. Bxf6 Bxf6 17. Ng4 Be7 18. Ne3 Nb4 19. Qf5 c4 20. Nd4 Bf6
21. Qf4 Be5 22. Qh4 Bf6 23. Qf4 g5 24. Qg4 h5 25. Qxh5 Bxd4 26. Qxg5+ Kf8 27.
Nf5 Qf6 28. Qf4 Bb6 29. a3 Rxe2 30. Rd2 Nd3 0-1

[Event "Tournefeuille-Montpellier Diagonale"]
[Site "Montpellier"]
[Date "2008.03.15"]
[Round "8.2"]
[White "Martin Gonzalez, Angel"]
[Black "Sanchez Rojo, Gustavo"]
[Result "1-0"]
[WhiteElo "2362"]
[BlackElo "2245"]
[PlyCount "65"]
[EventDate "2008.03.15"]
[WhiteTeam "La Diagonale du Sud Montpellier"]
[BlackTeam "Tournefeuille"]

1. e4 c5 2. Nf3 Nc6 3. d4 cxd4 4. Nxd4 e5 5. Nb5 a6 6. Nd6+ Bxd6 7. Qxd6 Qf6 8.
Qxf6 Nxf6 9. Nc3 d5 10. exd5 Nb4 11. Bd3 Nxd3+ 12. cxd3 h6 13. O-O O-O 14. Re1
b5 15. Rxe5 Bb7 16. Bd2 Rfd8 17. Ne4 Ng4 18. Re7 Bxd5 19. Bc3 h5 20. h3 Nh6 21.
Re5 a5 22. Rg5 Bxe4 23. dxe4 f6 24. Rxb5 a4 25. Rxh5 a3 26. bxa3 Rxa3 27. Bxf6
gxf6 28. Rxh6 Kg7 29. Rh4 Rd2 30. Rc1 Raxa2 31. Rc7+ Kg6 32. Rg4+ Kh6 33. Rf4
1-0

[Event "Tournefeuille-Montpellier Diagonale"]
[Site "Montpellier"]
[Date "2008.03.15"]
[Round "8.3"]
[White "Lacroix, Romain"]
[Black "Palleja, Xavier"]
[Result "0-1"]
[WhiteElo "2161"]
[BlackElo "2269"]
[PlyCount "72"]
[EventDate "2008.03.15"]
[WhiteTeam "Tournefeuille"]
[BlackTeam "La Diagonale du Sud Montpellier"]

1. e4 e6 2. d4 d5 3. Nd2 c5 4. exd5 exd5 5. Ngf3 Nc6 6. Bb5 Bd6 7. O-O cxd4 8.
Nxd4 Nge7 9. c3 O-O 10. N2b3 a6 11. Bd3 Ne5 12. Bb1 N7g6 13. f4 Ng4 14. h3 Nf6
15. f5 Ne5 16. Bg5 Nc4 17. Qc1 Re8 18. Bd3 h6 19. Bxh6 gxh6 20. Qxh6 Bf8 21.
Qg5+ Bg7 22. Qh4 Ne4 23. f6 Bxf6 24. Qf4 Ncd6 25. g4 Be5 26. Qf3 Qh4 27. Ne2
Ng5 28. Qxd5 Nxh3+ 29. Kg2 Bxg4 30. Nbd4 Rad8 31. Nf3 Bxf3+ 32. Rxf3 Ng5 33.
Rg1 Nde4 34. Qc4 Qh2+ 35. Kf1 Nd2+ 36. Ke1 Ndxf3+ 0-1

[Event "Tournefeuille-Montpellier Diagonale"]
[Site "Montpellier"]
[Date "2008.03.15"]
[Round "8.4"]
[White "Bertrand, Frederic"]
[Black "Garrel, Alain"]
[Result "1-0"]
[WhiteElo "2278"]
[BlackElo "2151"]
[PlyCount "49"]
[EventDate "2008.03.15"]
[WhiteTeam "La Diagonale du Sud Montpellier"]
[BlackTeam "Tournefeuille"]

1. d4 Nf6 2. c4 e5 3. dxe5 Ng4 4. Nf3 Nc6 5. Bf4 Bb4+ 6. Nbd2 Qe7 7. a3 Bc5 8.
Ne4 f5 9. Nxc5 Qxc5 10. e3 Ngxe5 11. Nxe5 Nxe5 12. Qd4 Qxd4 13. exd4 Nf7 14.
Bxc7 O-O 15. c5 Re8+ 16. Kd2 b6 17. Bc4 Bb7 18. f3 bxc5 19. dxc5 Kf8 20. Rhe1
Rxe1 21. Rxe1 Rc8 22. Ba5 Nd6 23. Ba2 Ne8 24. Bc3 Nc7 25. c6 1-0

[Event "Tournefeuille-Montpellier Diagonale"]
[Site "Montpellier"]
[Date "2008.03.15"]
[Round "8.5"]
[White "Faure, Nicolas"]
[Black "Guerin, Gilles"]
[Result "0-1"]
[WhiteElo "2068"]
[BlackElo "2231"]
[PlyCount "90"]
[EventDate "2008.03.15"]
[WhiteTeam "Tournefeuille"]
[BlackTeam "La Diagonale du Sud Montpellier"]

1. e4 d6 2. d4 Nf6 3. Nc3 Nbd7 4. Nf3 e5 5. Bc4 Be7 6. O-O c6 7. a4 O-O 8. h3
b6 9. Qe2 Bb7 10. Ba6 Bxa6 11. Qxa6 Qc7 12. dxe5 dxe5 13. Qc4 Nc5 14. Nh4 g6
15. Be3 Ne6 16. Rfd1 Rfd8 17. Rxd8+ Rxd8 18. Rd1 Rxd1+ 19. Nxd1 Qd7 20. Nc3 Nd4
21. Qd3 Nh5 22. Bxd4 Qxd4 23. Nf3 Qxd3 24. cxd3 Bf6 25. g3 Ng7 26. b4 Ne6 27.
b5 cxb5 28. Nd5 Kg7 29. axb5 Nc5 30. Nb4 Kf8 31. Ne1 Ke8 32. Kf1 Kd7 33. Ke2
Kd6 34. Nd5 Bd8 35. Nc2 Nb3 36. Ndb4 Bg5 37. Na3 Kc5 38. Na6+ Kd4 39. Nb8 Nc1+
40. Kf3 Nxd3 41. Nc6+ Kc3 42. Ke2 Bc1 43. Nb1+ Kc2 44. Nxa7 Nc5 45. Nc8 Nd7 0-1

[Event "Tournefeuille-Montpellier Diagonale"]
[Site "Montpellier"]
[Date "2008.03.15"]
[Round "8.6"]
[White "Vaklinov, Vasil"]
[Black "Laurain, Dominique"]
[Result "1-0"]
[WhiteElo "2172"]
[BlackElo "2035"]
[PlyCount "93"]
[EventDate "2008.03.15"]
[WhiteTeam "La Diagonale du Sud Montpellier"]
[BlackTeam "Tournefeuille"]

1. c4 e5 2. Nc3 Nc6 3. g3 g6 4. Bg2 Bg7 5. e3 Nge7 6. Nge2 O-O 7. O-O d6 8. d3
Be6 9. Nd5 Qd7 10. Rb1 a5 11. Nec3 Rac8 12. Qa4 f5 13. f4 Rf7 14. Bd2 Rcf8 15.
a3 h6 16. b4 axb4 17. axb4 Nc8 18. b5 Nd8 19. Qb3 Kh8 20. b6 c6 21. Nc7 g5 22.
Ne2 Ne7 23. d4 exd4 24. Nxd4 Ng6 25. Bc3 g4 26. Rfe1 c5 27. Ndxe6 Nxe6 28. Nxe6
Qxe6 29. Bd5 Qe8 30. Bxf7 Rxf7 31. Bxg7+ Kxg7 32. Qd3 Re7 33. Rbd1 Re6 34. Kf2
Ne7 35. e4 Qf7 36. exf5 Nxf5 37. Rxe6 Qxe6 38. Re1 Qf6 39. Qe4 Kf8 40. Qe8+ Kg7
41. Qd7+ Qf7 42. Qxf7+ Kxf7 43. Ra1 Ke6 44. Ra7 d5 45. cxd5+ Kxd5 46. Rxb7 Kc6
47. Rf7 1-0

[Event "Tournefeuille-Montpellier Diagonale"]
[Site "Montpellier"]
[Date "2008.03.15"]
[Round "8.7"]
[White "Wehmeier, Manuel"]
[Black "Martinez, Gerard"]
[Result "1-0"]
[WhiteElo "2012"]
[BlackElo "2055"]
[PlyCount "79"]
[EventDate "2008.03.15"]
[WhiteTeam "Tournefeuille"]
[BlackTeam "La Diagonale du Sud Montpellier"]

1. d4 Nf6 2. c4 Nc6 3. Nc3 e5 4. d5 Ne7 5. e4 Ng6 6. Bd3 Bc5 7. Nf3 d6 8. h3
O-O 9. a3 a6 10. Ne2 Bd7 11. b4 Ba7 12. a4 c6 13. O-O Qe7 14. g4 cxd5 15. cxd5
Nxd5 16. Bxa6 Nxb4 17. Bxb7 Bxa4 18. Rxa4 Qxb7 19. Ng3 Qb5 20. Ra3 Nf4 21. Qxd6
Nxh3+ 22. Kg2 Nf4+ 23. Bxf4 exf4 24. Nf5 Qc5 25. Qxf4 f6 26. Rb3 Nc6 27. Rb7
Rf7 28. Rxf7 Kxf7 29. Qd2 Rd8 30. Qa2+ Kf8 31. Ra1 Rd3 32. Ne3 Rxe3 33. fxe3
Qxe3 34. Qa3+ Qxa3 35. Rxa3 Ke7 36. Rd3 Ke6 37. Rd5 Ne7 38. Nd4+ Bxd4 39. Rxd4
Nc6 40. Rd5 1-0

[Event "Tournefeuille-Montpellier Diagonale"]
[Site "Montpellier"]
[Date "2008.03.15"]
[Round "8.8"]
[White "Genis, Nina"]
[Black "Cwiek, Perrine"]
[Result "0-1"]
[WhiteElo "1950"]
[BlackElo "1760"]
[PlyCount "86"]
[EventDate "2008.03.15"]
[WhiteTeam "La Diagonale du Sud Montpellier"]
[BlackTeam "Tournefeuille"]

1. d4 d5 2. c4 c6 3. e3 Nf6 4. Nc3 e6 5. Nf3 Nbd7 6. cxd5 exd5 7. Bd3 Be7 8.
O-O O-O 9. Qc2 Re8 10. Ne5 h6 11. f4 Nf8 12. Kh1 Ne6 13. Bd2 c5 14. Ne2 Bd7 15.
Rac1 Rc8 16. Qb1 Qb6 17. Bc3 Bb5 18. f5 Nd8 19. dxc5 Bxc5 20. Bd4 Bxd4 21. exd4
Nc6 22. Nxc6 Rxc6 23. Bxb5 Qxb5 24. Nc3 Qb6 25. Rcd1 Rc7 26. h3 Rce7 27. b3 Re3
28. Rd3 Qc6 29. Nd1 Re1 30. Rxe1 Rxe1+ 31. Kh2 Qd6+ 32. g3 Re2+ 33. Kg1 Ne4 34.
Kf1 Nd2+ 35. Rxd2 Rxd2 36. Qc1 Rxa2 37. Qc8+ Kh7 38. Qxb7 Qxg3 39. Qxd5 Qxh3+
40. Ke1 Qh4+ 41. Kf1 Qf4+ 42. Kg1 Qh2+ 43. Kf1 Qe2+ 0-1

[Event "L'Isle sur la Sorgue-Tournefeuille"]
[Site "Montpellier"]
[Date "2008.03.16"]
[Round "9.1"]
[White "Fish, Gennadij"]
[Black "Sanchez, Nicolas"]
[Result "1-0"]
[WhiteElo "2546"]
[BlackElo "2216"]
[PlyCount "69"]
[EventDate "2008.03.16"]

1. d4 Nf6 2. c4 g6 3. Nc3 Bg7 4. e4 d6 5. Nf3 O-O 6. Be2 e5 7. O-O Na6 8. Re1
Nh5 9. Bg5 f6 10. Be3 Nf4 11. Bxf4 exf4 12. c5 dxc5 13. Bxa6 bxa6 14. dxc5 Rb8
15. b3 Bg4 16. Qd5+ Qxd5 17. Nxd5 f5 18. e5 Bxf3 19. gxf3 Rfe8 20. Nxc7 Rxe5
21. Nxa6 Rc8 22. Rxe5 Bxe5 23. Rc1 Kf7 24. b4 Ke6 25. a4 g5 26. b5 g4 27. Kg2
h5 28. a5 h4 29. h3 g3 30. b6 axb6 31. axb6 Rg8 32. b7 Kd5 33. Nb4+ Ke6 34. Re1
Rd8 35. Rxe5+ 1-0

[Event "L'Isle sur la Sorgue-Tournefeuille"]
[Site "Montpellier"]
[Date "2008.03.16"]
[Round "9.2"]
[White "Sanchez Rojo, Gustavo"]
[Black "Moncamp, Gilles"]
[Result "1-0"]
[WhiteElo "2245"]
[BlackElo "2223"]
[PlyCount "125"]
[EventDate "2008.03.16"]

1. e4 c6 2. d4 d5 3. e5 Bf5 4. Nc3 e6 5. g4 Bg6 6. Nge2 Nd7 7. Be3 f6 8. f4 Nh6
9. f5 Nxg4 10. fxg6 Nxe3 11. Qd3 Nxf1 12. Rxf1 Qe7 13. gxh7 fxe5 14. Qg6+ Kd8
15. O-O-O Qe8 16. Rf7 Rc8 17. Rdf1 exd4 18. Nxd4 Ne5 19. Rxf8 Nxg6 20. Rxe8+
Rxe8 21. Rg1 Rh8 22. Rxg6 Rxh7 23. Nxe6+ Kd7 24. Nc5+ Kc7 25. b4 Rg8 26. Rg2 b6
27. Nd3 g5 28. b5 Rh4 29. bxc6 Kxc6 30. Ne5+ Kc5 31. Nd7+ Kc4 32. Nxd5 Rg7 33.
Ne3+ Kb5 34. Nf6 Rh3 35. Nfd5 Kc5 36. Nf5 Rgh7 37. Nde3 Rxh2 38. Rxg5 Kc6 39.
Kb2 Rd7 40. Ng4 Re2 41. Ng3 Re6 42. Ne5+ Rxe5 43. Rxe5 Rh7 44. Ne4 Kc7 45. a4
Rg7 46. Kb3 Rd7 47. Kb4 Rd4+ 48. c4 a6 49. Nf6 Rd1 50. Re7+ Kc6 51. Re6+ Kb7
52. Nd5 Rb1+ 53. Kc3 Rc1+ 54. Kb3 Ka7 55. Nxb6 Rb1+ 56. Kc3 Rxb6 57. Rxb6 Kxb6
58. Kd4 Kc6 59. c5 Kc7 60. Kd5 a5 61. c6 Kc8 62. Kc5 Kc7 63. Kb5 1-0

[Event "L'Isle sur la Sorgue-Tournefeuille"]
[Site "Montpellier"]
[Date "2008.03.16"]
[Round "9.3"]
[White "Weill, Roland"]
[Black "Lacroix, Romain"]
[Result "1-0"]
[WhiteElo "2232"]
[BlackElo "2161"]
[PlyCount "59"]
[EventDate "2008.03.16"]

1. e4 e5 2. Nc3 Nf6 3. g3 Nc6 4. Bg2 Bc5 5. d3 O-O 6. Nf3 a6 7. O-O d6 8. Be3
Bxe3 9. fxe3 Ng4 10. Qd2 f5 11. Nh4 f4 12. exf4 exf4 13. Nd5 Nce5 14. h3 fxg3
15. Rxf8+ Kxf8 16. Qf4+ Kg8 17. Qxg3 c6 18. hxg4 cxd5 19. Rf1 Qb6+ 20. Kh1 Bxg4
21. exd5 h5 22. c3 Nd7 23. Nf5 Nf6 24. Qxd6 Qxb2 25. Nxg7 Qxc3 26. Rxf6 Qe1+
27. Rf1 Qh4+ 28. Kg1 Kxg7 29. Qe5+ Kg8 30. d6 1-0

[Event "L'Isle sur la Sorgue-Tournefeuille"]
[Site "Montpellier"]
[Date "2008.03.16"]
[Round "9.4"]
[White "Faure, Nicolas"]
[Black "Dimitrov, Christo"]
[Result "0-1"]
[WhiteElo "2068"]
[BlackElo "2286"]
[PlyCount "68"]
[EventDate "2008.03.16"]

1. e4 c5 2. Nf3 d6 3. d4 cxd4 4. Nxd4 Nf6 5. Nc3 a6 6. Be3 e5 7. Nf3 Qc7 8. a4
Be6 9. Be2 h6 10. h3 Nbd7 11. O-O Rc8 12. Nd5 Qc6 13. Nxf6+ Nxf6 14. b4 Qxe4
15. b5 axb5 16. Bd3 Qd5 17. Bxb5+ Bd7 18. Bxd7+ Kxd7 19. Qb1 Ke8 20. Rd1 Qc6
21. c4 Nd7 22. Ra3 Be7 23. Rb3 b6 24. Bxb6 Qxa4 25. Nd2 Rb8 26. Bc7 Rxb3 27.
Qxb3 Qa7 28. Bxd6 Bxd6 29. Ne4 Be7 30. Qb5 Qc7 31. c5 h5 32. c6 Nb8 33. Rb1
Nxc6 34. Rc1 Rh6 0-1

[Event "L'Isle sur la Sorgue-Tournefeuille"]
[Site "Montpellier"]
[Date "2008.03.16"]
[Round "9.5"]
[White "Sibirko, Ivan"]
[Black "Garrel, Alain"]
[Result "1-0"]
[WhiteElo "2073"]
[BlackElo "2151"]
[PlyCount "97"]
[EventDate "2008.03.16"]

1. d4 Nf6 2. c4 d6 3. Nc3 Nbd7 4. e4 e5 5. Nge2 Be7 6. g3 O-O 7. Bg2 c6 8. O-O
Rb8 9. h3 a6 10. Qc2 Qc7 11. Be3 b5 12. cxb5 axb5 13. Rac1 b4 14. Nd5 Nxd5 15.
exd5 c5 16. f4 Qa5 17. fxe5 dxe5 18. dxc5 Ba6 19. d6 Bd8 20. Kh2 Nxc5 21. Qxc5
Bxe2 22. Rfe1 Bd3 23. Qxa5 Bxa5 24. Ba7 b3 25. Rxe5 Bd2 26. Bxb8 Bxc1 27. axb3
Bxb2 28. Rd5 Rxb8 29. Rxd3 Kf8 30. Bc6 Be5 31. b4 Rd8 32. d7 Ke7 33. Kg2 Rb8
34. b5 Kd8 35. Kf3 Bf6 36. Ke4 Kc7 37. Kd5 Rf8 38. Re3 Rd8 39. Re8 Kb6 40. Kd6
h6 41. Bd5 h5 42. Bxf7 h4 43. g4 Bg5 44. Bd5 Bf4+ 45. Ke6 Bg5 46. Bc6 Kc7 47.
Kf7 Bf6 48. Kg6 Bd4 49. g5 1-0

[Event "L'Isle sur la Sorgue-Tournefeuille"]
[Site "Montpellier"]
[Date "2008.03.16"]
[Round "9.6"]
[White "Wehmeier, Manuel"]
[Black "Vanderbeeken, Mikael"]
[Result "0-1"]
[WhiteElo "2012"]
[BlackElo "2096"]
[PlyCount "78"]
[EventDate "2008.03.16"]

1. d4 e6 2. c4 Bb4+ 3. Nc3 f5 4. g3 Nf6 5. Bg2 O-O 6. Nh3 d6 7. O-O Bxc3 8.
bxc3 e5 9. Qb3 Nc6 10. Rd1 e4 11. Nf4 b6 12. Nd5 Na5 13. Qb4 Ba6 14. Bg5 Nxd5
15. Bxd8 Nxb4 16. cxb4 Rfxd8 17. bxa5 Bxc4 18. Rac1 d5 19. e3 Kf7 20. a4 a6 21.
Rd2 Rab8 22. Rb2 b5 23. Rb4 c6 24. Rcb1 Ke6 25. f3 Kd6 26. Kf2 Kc7 27. Ke1 bxa4
28. Kd2 a3 29. Rxb8 Rxb8 30. Rxb8 Kxb8 31. Kc3 Kc7 32. g4 a2 33. Kb2 exf3 34.
Bxf3 fxg4 35. Bxg4 h6 36. Bf5 Kd6 37. Bg6 c5 38. h4 cxd4 39. exd4 Ke6 0-1

[Event "L'Isle sur la Sorgue-Tournefeuille"]
[Site "Montpellier"]
[Date "2008.03.16"]
[Round "9.7"]
[White "Lallement, Victor"]
[Black "Laurain, Dominique"]
[Result "1-0"]
[WhiteElo "2083"]
[BlackElo "2035"]
[PlyCount "129"]
[EventDate "2008.03.16"]

1. e4 e6 2. d3 d5 3. Nd2 Nf6 4. Ngf3 c5 5. g3 b6 6. Bg2 Bb7 7. e5 Nfd7 8. O-O
Qc7 9. Re1 Nc6 10. Qe2 Be7 11. c3 g5 12. g4 h5 13. h3 hxg4 14. hxg4 O-O-O 15.
Nf1 Rdg8 16. Ng3 Kb8 17. Bd2 Qd8 18. a3 Qf8 19. b4 Qh6 20. d4 c4 21. a4 Qg6 22.
Nh2 Rh4 23. Nh5 Rh8 24. Bf3 Bd8 25. Nf1 Bc7 26. Qd1 Nd8 27. Qc1 f5 28. exf6
Nxf6 29. Qd1 Nxh5 30. gxh5 Qf5 31. Bg2 g4 32. Qb1 Qxh5 33. Ng3 Bxg3 34. fxg3
Rh1+ 35. Kf2 Rh2 36. Bf4+ Ka8 37. Rh1 Qf7 38. Rxh2 Rxh2 39. Qg1 Qh7 40. Qxh2
Qxh2 41. Rh1 Qxh1 42. Bxh1 Bc6 43. b5 Be8 44. Ke3 Bg6 45. Bc7 Nf7 46. Kf4 Bc2
47. Kxg4 Bxa4 48. Kh5 Kb7 49. Bf4 Bxb5 50. Kg6 Nd8 51. Kf6 Ba4 52. g4 Bc2 53.
g5 a5 54. Bf3 b5 55. Bd6 Kc6 56. Ba3 Kd7 57. Bg4 Bd3 58. g6 Be4 59. g7 Bh7 60.
Be7 a4 61. Bc5 Bg8 62. Bh5 Kc6 63. Be8+ Kc7 64. Bxb5 Nb7 65. Bb4 1-0

[Event "L'Isle sur la Sorgue-Tournefeuille"]
[Site "Montpellier"]
[Date "2008.03.16"]
[Round "9.8"]
[White "Cwiek, Perrine"]
[Black "Dubois, Martine"]
[Result "0-1"]
[WhiteElo "1760"]
[BlackElo "1995"]
[PlyCount "82"]
[EventDate "2008.03.16"]

1. e4 Nf6 2. Nc3 d5 3. exd5 Nxd5 4. Nf3 Bg4 5. d4 e6 6. Be2 Nxc3 7. bxc3 Bd6 8.
O-O c6 9. h3 Bxf3 10. Bxf3 Nd7 11. Rb1 Qc7 12. Re1 Nb6 13. Qd3 O-O-O 14. c4 Rd7
15. Qb3 Bh2+ 16. Kh1 Rxd4 17. g3 Bxg3 18. Be3 Rh4 19. Kg2 Bf4 20. Bxb6 axb6 21.
Qxb6 Qxb6 22. Rxb6 Bc7 23. Rb4 Ba5 24. Ra4 Bxe1 25. Ra8+ Kc7 26. Rxh8 f5 27. c5
g5 28. Rg8 Rc4 29. Rg7+ Kb8 30. Rxh7 Rxc2 31. Kh1 Rxf2 32. Bd1 e5 33. Bb3 e4
34. Be6 e3 35. Re7 Bd2 36. Bc4 f4 37. Kg1 Bc3 38. Re4 Rd2 39. Re6 Bd4 40. Re4
e2+ 41. Kh1 Rd1+ 0-1

[Event "Vitrolles-Ramonville"]
[Site "Montpellier"]
[Date "2008.03.16"]
[Round "9.1"]
[White "Abello, Sebastien"]
[Black "Lejarre, Ludovic"]
[Result "1/2-1/2"]
[WhiteElo "2275"]
[BlackElo "2401"]
[PlyCount "30"]
[EventDate "2008.03.16"]

1. d4 Nf6 2. c4 g6 3. Nc3 Bg7 4. e4 d6 5. f3 O-O 6. Be3 c5 7. dxc5 dxc5 8. Qxd8
Rxd8 9. Bxc5 Nc6 10. Nd5 Nd7 11. Nxe7+ Nxe7 12. Bxe7 Bxb2 13. Rb1 Bc3+ 14. Kf2
Bd4+ 15. Ke1 Bc3+ 1/2-1/2

[Event "Vitrolles-Ramonville"]
[Site "Montpellier"]
[Date "2008.03.16"]
[Round "9.2"]
[White "Gachon, Lionel"]
[Black "Midoux, Sebastien"]
[Result "1/2-1/2"]
[WhiteElo "2288"]
[BlackElo "2338"]
[PlyCount "70"]
[EventDate "2008.03.16"]

1. g3 c5 2. c4 Nc6 3. Bg2 g6 4. Nc3 Bg7 5. a3 a5 6. Nf3 e5 7. d4 cxd4 8. Nb5
Nf6 9. e3 d5 10. exd4 e4 11. Ne5 Be6 12. Bf4 O-O 13. O-O Nh5 14. Be3 Nxe5 15.
dxe5 Bxe5 16. f4 exf3 17. Bxf3 dxc4 18. Bxh5 gxh5 19. Qxh5 Qd5 20. Nc3 Bxc3 21.
Qxd5 Bxd5 22. bxc3 Rfe8 23. Rae1 Re6 24. Bd4 Be4 25. Rf6 Rae8 26. Rxe6 Rxe6 27.
Kf2 f5 28. Re2 Rh6 29. Ke3 Kf7 30. Rb2 Re6 31. Kf4 Kg6 32. Re2 h5 33. h3 Bd5
34. Rxe6+ Bxe6 35. h4 Bd7 1/2-1/2

[Event "Vitrolles-Ramonville"]
[Site "Montpellier"]
[Date "2008.03.16"]
[Round "9.3"]
[White "Gaudineau, Eric"]
[Black "Franca, Ricardo Bedin"]
[Result "0-1"]
[WhiteElo "2334"]
[BlackElo "2240"]
[PlyCount "70"]
[EventDate "2008.03.16"]

1. e4 c5 2. Nf3 d6 3. d4 cxd4 4. Nxd4 Nf6 5. Nc3 g6 6. Be3 Bg7 7. f3 O-O 8. Bc4
Nc6 9. Qd2 Bd7 10. O-O-O Rc8 11. Bb3 Ne5 12. Kb1 Re8 13. h4 h5 14. Bg5 Rc5 15.
g4 hxg4 16. Bxf6 Bxf6 17. h5 g5 18. fxg4 Bxg4 19. Rdg1 Qd7 20. Nd5 Rxd5 21.
Bxd5 Kh7 22. Rg3 Rg8 23. Rhg1 Bh3 24. Nf3 Nxf3 25. Rxf3 Be6 26. Qf2 Bxd5 27.
exd5 Qb5 28. Rxf6 exf6 29. Qf5+ Kg7 30. Rf1 Kf8 31. h6 Rg6 32. Rh1 Qe8 33. h7
Kg7 34. Qd7 Rh6 35. h8=Q+ Rxh8 0-1

[Event "Vitrolles-Ramonville"]
[Site "Montpellier"]
[Date "2008.03.16"]
[Round "9.4"]
[White "Daloz, Jean Michel"]
[Black "Diaz, Franck"]
[Result "1/2-1/2"]
[WhiteElo "2175"]
[BlackElo "2184"]
[PlyCount "24"]
[EventDate "2008.03.16"]

1. d4 e6 2. c4 f5 3. g3 Nf6 4. Bg2 d5 5. Nf3 c6 6. O-O Bd6 7. Bf4 Bxf4 8. gxf4
O-O 9. Nbd2 Ne4 10. e3 Nd7 11. Ne5 Nxd2 12. Qxd2 Nxe5 1/2-1/2